<?xml version="1.0" encoding="UTF-8"?>
<record
    xmlns:xsi="http://www.w3.org/2001/XMLSchema-instance"
    xsi:schemaLocation="http://www.loc.gov/MARC21/slim http://www.loc.gov/standards/marcxml/schema/MARC21slim.xsd"
    xmlns="http://www.loc.gov/MARC21/slim">

  <leader>00907nam a22001697a 4500</leader>
  <datafield tag="999" ind1=" " ind2=" ">
    <subfield code="c">6732</subfield>
    <subfield code="d">6732</subfield>
  </datafield>
  <datafield tag="020" ind1=" " ind2=" ">
    <subfield code="a">9780538753203</subfield>
  </datafield>
  <datafield tag="020" ind1=" " ind2=" ">
    <subfield code="a">053875320x</subfield>
  </datafield>
  <datafield tag="050" ind1=" " ind2=" ">
    <subfield code="a">HD31</subfield>
    <subfield code="b">Ir1</subfield>
  </datafield>
  <datafield tag="245" ind1=" " ind2=" ">
    <subfield code="a">The management of strategy : </subfield>
    <subfield code="b">concepts &amp; cases. </subfield>
    <subfield code="c">R Duane Ireland; Robert E Hoskisson; Michael A Hitt</subfield>
  </datafield>
  <datafield tag="250" ind1=" " ind2=" ">
    <subfield code="a">ed., 9th</subfield>
  </datafield>
  <datafield tag="260" ind1=" " ind2=" ">
    <subfield code="a">Australia ; United Kingdom : </subfield>
    <subfield code="b">South-Western Cengage,</subfield>
    <subfield code="c"> 2010.</subfield>
  </datafield>
  <datafield tag="300" ind1=" " ind2=" ">
    <subfield code="a">xxvii, 443, 23 pages : </subfield>
    <subfield code="b">illustrations (chiefly color) ;</subfield>
    <subfield code="c"> 26 cm</subfield>
  </datafield>
  <datafield tag="505" ind1=" " ind2=" ">
    <subfield code="a">	
Contents:	1. Introduction to Cognitive Psychology. 2. Cognition and the Brain: Basic Principles. 3. Perception. 4. Attention. 5. Short-Term and Working Memory. 6. Long-Term Memory: Basic Principles. 7. Everyday Memory and Memory Errors. 8. Knowledge. 9. Visual Imagery. 10. Language. 11. Problem Solving. 12. Reasoning and Decision Making.</subfield>
  </datafield>
  <datafield tag="650" ind1=" " ind2=" ">
    <subfield code="a"> Strategic planning.</subfield>
  </datafield>
  <datafield tag="650" ind1=" " ind2=" ">
    <subfield code="a"> Strategic planning -- Case studies.</subfield>
  </datafield>
  <datafield tag="942" ind1=" " ind2=" ">
    <subfield code="c">BK</subfield>
  </datafield>
  <datafield tag="952" ind1=" " ind2=" ">
    <subfield code="0">0</subfield>
    <subfield code="1">0</subfield>
    <subfield code="4">0</subfield>
    <subfield code="7">0</subfield>
    <subfield code="8">NFIC</subfield>
    <subfield code="a">MUCGM</subfield>
    <subfield code="b">MUCGM</subfield>
    <subfield code="c">GEN</subfield>
    <subfield code="d">2019-05-15</subfield>
    <subfield code="e">Purchased from EPP Books</subfield>
    <subfield code="l">0</subfield>
    <subfield code="o">HD31 Ir1</subfield>
    <subfield code="p">8151</subfield>
    <subfield code="r">2019-11-15 00:00:00</subfield>
    <subfield code="w">2019-11-15</subfield>
    <subfield code="y">BK</subfield>
  </datafield>
  <datafield tag="952" ind1=" " ind2=" ">
    <subfield code="0">0</subfield>
    <subfield code="1">0</subfield>
    <subfield code="4">0</subfield>
    <subfield code="7">0</subfield>
    <subfield code="8">NFIC</subfield>
    <subfield code="a">MUCGM</subfield>
    <subfield code="b">MUCGM</subfield>
    <subfield code="c">GEN</subfield>
    <subfield code="d">2019-05-15</subfield>
    <subfield code="e">Purchased from EPP Books</subfield>
    <subfield code="l">0</subfield>
    <subfield code="o">HD31 Ir1</subfield>
    <subfield code="p">8152</subfield>
    <subfield code="r">2019-11-15 00:00:00</subfield>
    <subfield code="w">2019-11-15</subfield>
    <subfield code="y">BK</subfield>
  </datafield>
</record>
